LIBRARY & INFORMATION CENTRE, KCAET, TAVANUR

ONLINE PUBLIC ACCESS CATALOGUE (OPAC)

World history, Part 2 / (Record no. 6272)

MARC details
000 -LEADER
fixed length control field 00492cam a2200205ua 4500
041 ## - LANGUAGE CODE
Language code of text/sound track or separate title eng
082 ## - DEWEY DECIMAL CLASSIFICATION NUMBER
Classification number 930
Item number RAM/WO
100 ## - MAIN ENTRY--AUTHOR NAME
Personal name Ramachandran, T R .
245 ## - TITLE STATEMENT
Title World history, Part 2 /
250 ## - EDITION STATEMENT
Edition statement Rev. /
260 ## - PUBLICATION, DISTRIBUTION, ETC. (IMPRINT)
Place of publication Chennai :
Name of publisher S.Viswanathan ,
Year of publication 1963.
300 ## - PHYSICAL DESCRIPTION
Number of Pages 111 ; .
700 1# - ADDED ENTRY--PERSONAL NAME
Personal name Vaideeswaran, N .
942 ## - ADDED ENTRY ELEMENTS (KOHA)
Koha item type Books
Holdings
Withdrawn status Lost status Damaged status Home library Current library Date acquired Cost, normal purchase price Full call number Accession Number Koha item type Public note
Withdrawn     KAUAET Sanskrit University 07/04/2012 2.25 930 7346 Books Transferred to Sanskrit University
free website counter